• 首页
  • 本馆介绍
  • 公告通知
  • 最新文献
  • 馆藏检索
  • 电子资源
  • 读者导购
  • 参考咨询
  • 我的图书馆
  • 登录
  • 详细信息显示
  • 放入我的书架
  • 预约/预借图书
  • 作者相关作品
  • 分类相关作品
  • 丛书相关作品
  • 出版社相关作品

书目信息

  • 表格格式
  • 工作单格式
  • 卡片格式
题名:
流体力学
    
 
作者: 易家训 著 ;章克本 译
分册:   理论的简明导论
出版信息: 北京   高等教育出版社  1982
页数: 474页
开本: 25cm
丛书名:
单 册:
中图分类: O35
科图分类:
主题词: 流体力学
电子资源:
ISBN:
000 00660nam0 2200241 45
001 0183011604
005 20060523093517.64
010    @dCNY3.85
091    @a15010.0436
100    @a19950515f19831982em y0chiy0121 ea
101 0  @achi
102    @aCN@b110000
105    @ay z 000yy
200 10 @a流体力学@Aliu ti li xue@i理论的简明导论@f易家训著@Fyi jia xun zhu@g章克本译
210    @a北京@c高等教育出版社@d1982@h1983重印
215    @a474页@d25cm
606    @a流体力学
690    @aO35@v3
701  0 @a易家训@Ayi jia xun@4著
702  0 @a章克本@Azhang ke ben@4译
801  2 @aCN@bNLC@c20060523
801  0 @aCN@b上海图书馆@c20040518
905    @dO35@e12
    
    流体力学.理论的简明导论/易家训著/章克本译.-北京:高等教育出版社,1982(1983重印)
    474页;25cm
    
    
    ISBN :CNY3.85
    
●
相关链接 在E读中查询图书 在五车中查询图书 在当当中查询图书 在豆瓣中查询图书


正题名:流体力学     索取号:O35/12         预约/预借

序号 登录号 条形码 馆藏地/架位号 状态 备注
1 0102787   202370013   密集书库/ [索取号:O35/12] 在馆    
2 0102788   202369971   密集书库/ [索取号:O35/12] 在馆    
3 0144285   000386086   第三借阅区/ [索取号:O35/12] 在馆    
4 0144286   000386077   第三借阅区/ [索取号:O35/12] 在馆    
5 0144287   202369962   密集书库/ [索取号:O35/12] 在馆    
6 0144288   000386095   第三借阅区/ [索取号:O35/12] 在馆    
7 0144289   202093929   第二样本阅览室/ [索取号:O35/12] 在馆    
唐山师范学院图书馆 欢迎您!
大连网信软件有限公司© 版权所有